Electron Paramagnetic Resonance of Exchange Coupled Systems /

Guardado en:
Detalles Bibliográficos
Autores principales: Bencini, Alessandro (Autor), Gatteschi, Dante (Autor)
Formato: Libro
Lenguaje:inglés
Publicado: Berlin : Springer Verlag, 1990
Etiquetas: Agregar Etiqueta
Sin Etiquetas, Sea el primero en etiquetar este registro!

MARC

LEADER 00000nam a22000003a 4500
001 stu19001
005 20150617225756.7
008 920615s1990----gw------------------eng-d
020 |a 3-540-50944-5 
040 |a STU  |b slo 
041 0 |a eng 
044 |a gw 
080 |a 543.422.27 
100 1 |a Bencini, Alessandro  |4 aut 
245 1 |a Electron Paramagnetic Resonance of Exchange Coupled Systems /  |c [aut.]Bencini,Alessandro, Gatteschi,Dante 
260 |a Berlin :  |b Springer Verlag,  |c 1990 
300 |a 287 s :  |b Tab.,grafy,lit.,index 
700 1 |a Gatteschi, Dante  |4 aut 
996 |b C89836  |c C*89836  |l CCIII  |s P  |a 0  |w stu19001_0001 
996 |b C95409  |c C*95409  |l CCV  |s P  |a 0  |w stu19001_0002